MARC

LEADER 00000nam0a2200000 4500
001 323531
005 20231102003559.0
035 |a (RuTPU)RU\TPU\book\349118 
090 |a 323531 
100 |a 20161021d1948 m y0rusy50 ca 
101 0 |a rus 
102 |a RU 
105 |a a z 000zy 
200 1 |a Человек и стихия  |f М. Ильин 
205 |a 2-е изд. 
210 |a Ленинград  |c Гидрометеоиздат  |d 1948 
215 |a 256 с.  |c ил. 
606 1 |a Грозные явления природы  |2 stltpush  |3 (RuTPU)RU\TPU\subj\8649  |9 36017 
610 1 |a стихия 
610 1 |a погода 
610 1 |a ветра 
610 1 |a метеорология 
610 1 |a бури 
610 1 |a внутренее строение 
610 1 |a Земля 
610 1 |a гидрология 
610 1 |a приливы 
610 1 |a гидрометеорологические наблюдения 
610 1 |a прогнозы 
675 |a 55  |v 4 
700 1 |a Ильин  |b М. 
801 1 |a RU  |b 63413507  |c 20161021 
801 2 |a RU  |b 63413507  |c 20200219  |g RCR 
942 |c BK